00265 a2200121 4500001000700000020001800007040001100025100002600036240003500062245003000097300000700127362000900134164251 a85-10-00799-3 cMagnum aCasasanta, Therezinha10aUm cachorrinho para kakaulpor10aUm cachorrinho para kakau a240 a2005